| 000 | 00457nam a2200169 a 4500 | ||
|---|---|---|---|
| 005 | 20140310183635.0 | ||
| 008 | 970101s19uu xx 00 eng d | ||
| 020 | _a9787853261428 | ||
| 050 |
_aPZ 7 _b.C774 1994 |
||
| 100 | _aCoolidge, Susan | ||
| 245 |
_aWhat Katy did at school / _cSusan Coolidge. |
||
| 260 |
_aHertfordshire : _bWordsworth Classics, _c1994. |
||
| 300 |
_a184 p. : _c18 cm. |
||
| 650 | _aFiction | ||
| 942 |
_cBK _2lcc |
||
| 999 |
_c25685 _d25685 |
||